000 01610nam0a2200373 4500
001 RU\NLR\BIBL_A\022556078
005 20250821144424.0
010 _a978-5-00237-113-6
021 _aRU
_bКН-П-25-021437
_9КН-П-25-2167
035 _a(NLR Aleph) 022556078
090 _a13538394
_c13538394
100 _a20250602d2025 k y0rusy50 ca
101 0 _arus
102 _aRU
105 _aa z 000yy
181 0 _ai
_bxxxe
182 0 _an
200 1 _aСинергетика, отраженная в гибридных функциях
_fВ. М. Маркочев
203 _aТекст
_bвизуальный
_cнепосредственный
210 _aМосква
_cURSS, ЛЕНАНД
_d2025 (cop. 2024)
215 _a203 с.
_cил.
_d21
300 _aНа 4-й с. обл. авт.: В. М. Маркочев, д-р техн. наук, проф., изобретатель
300 _aНа обороте тит. с. QR-код ссылки на онлайн-версию кн.
320 _aБиблиогр.: с. 201–203 (50 назв.)
606 1 _aСложные функции
_2nlr_sh2
_3RU\NLR\AUTH\6601713762
606 1 _aОператоры (мат.)
_2nlr_sh1
_2nlr_sh2
_3RU\NLR\AUTH\6626473
606 1 _aСинергетика
_xМатематические основы
_2nlr_sh2
_3RU\NLR\AUTH\661426263
686 1 _aВ162.13
686 1 _aЗ817
700 1 _aМаркочев
_bВ. М.
_gВиктор Михайлович
942 _cBOOK
980 _aNB